| 000 | 00601nam a2200217 a 4500 | ||
|---|---|---|---|
| 001 | 71161 | ||
| 003 | BD-RjUL | ||
| 005 | 20211209082101.0 | ||
| 008 | 170427s1944 enk 000 1 eng d | ||
| 035 | _a(BD-RjUL)71376 | ||
| 040 |
_aUIU _cUIU _dEQO _dBD-RjUL _beng |
||
| 041 | _aeng | ||
| 082 |
_223 _a823 _bSEJ 1944 |
||
| 100 | 1 |
_aSeymour, Beatrice Kean. _9210549 |
|
| 245 | 1 | 0 |
_aJoy as it flies / _cby Beatrice Kean Seymour. |
| 260 |
_aLondon : _bHeinemann, _c1944. |
||
| 300 |
_a406 p. ; _c19 cm. |
||
| 600 |
_aSeymour, Beatrice Kean _9210549 |
||
| 650 |
_aEnglish Fiction _9210550 |
||
| 942 |
_2ddc _cBK |
||
| 999 |
_c71161 _d71161 |
||